Statistics for Top 10 Best NBA Players At Crossovers (2012-2013)

Click here to take the quiz!

General Stats

  • This quiz has been taken 438 times
    (429 since last reset)
  • The average score is 4 of 10

Answer Stats

RankPlayer% Correct
9Kyrie Irving
74%
3Chris Paul
65%
5Russell Westbrook
45%
1Jamal Crawford
43%
2Derrick Rose
42%
4Dwyane Wade
41%
7Deron Williams
30%
10Rajon Rondo
26%
6Brandon Jennings
7%
8Eric Gordon
1%

Score Distribution

Percentile by Number Answered

Percent of People with Each Score

Your Score History

You have not taken this quiz since the last reset